[Event "1MCRE_F"]
[Site "?"]
[Date "2001.??.??"]
[Round "?"]
[White "Sykora, Josef"]
[Black "Pfeifer, Miroslav"]
[Result "1/2-1/2"]
[WhiteElo "2370"]
[BlackElo "2310"]
[PlyCount "148"]
[EventDate "2001.??.??"]
[EventType "corr"]

1. Nf3 Nf6 2. g3 g6 3. Bg2 Bg7 4. O-O O-O 5. c4 d6 6. d4 Nc6 7. Nc3 Rb8 8. h3
a6 9. e4 Nd7 10. Be3 Na5 11. Qe2 c5 12. Rad1 cxd4 13. Bxd4 Bxd4 14. Nxd4 Nc6
15. Nb3 Qb6 16. Kh2 Qa7 17. f4 Nc5 18. Nxc5 Qxc5 19. Nd5 a5 20. b3 f6 21. Qd2
Kg7 22. Rfe1 Rf7 23. Nc3 Qh5 24. Qe3 Be6 25. a3 g5 26. f5 Bc8 27. Qb6 Rf8 28.
Nd5 Qf7 29. a4 Bd7 30. Rd2 Rfc8 31. Red1 Be8 32. c5 dxc5 33. Qxc5 Rd8 34. Qb6
Qf8 35. e5 fxe5 36. Ne3 Rd4 37. Bxc6 Bxc6 38. Qc7 Kg8 39. Rxd4 exd4 40. Rxd4
Ra8 41. Nd5 Re8 42. Qe5 Qg7 43. Qe3 h6 44. Rd2 Kh8 45. Nc7 Rc8 46. Ne6 Qf6 47.
g4 Kg8 48. Qd4 Qxd4 49. Rxd4 Kf7 50. Kg1 Kf6 51. Rc4 h5 52. Kf2 Rh8 53. Nd4
hxg4 54. hxg4 Rh2+ 55. Kg3 Rg2+ 56. Kh3 Be4 57. Rc5 Rg1 58. Rb5 Rd1 59. Ne6
Rh1+ 60. Kg3 Rg1+ 61. Kh3 Bd3 62. Rxa5 Bf1+ 63. Kh2 Rg2+ 64. Kh3 b6 65. Ra8
Rg1+ 66. Kh2 Rxg4 67. Rb8 Kxf5 68. Rxb6 Rg2+ 69. Kh1 Ra2 70. Ng7+ Kf4 71. Re6
Bg2+ 72. Kg1 Bd5 73. Rxe7 Bxb3 74. Nh5+ Kg4 1/2-1/2

[Event "1MCRE_F"]
[Site "?"]
[Date "2001.??.??"]
[Round "?"]
[White "Hybl, Vladislav"]
[Black "Sykora, Josef"]
[Result "0-1"]
[WhiteElo "2305"]
[BlackElo "2370"]
[PlyCount "62"]
[EventDate "2001.??.??"]
[EventType "corr"]

1. f4 d5 2. Nf3 Nf6 3. e3 g6 4. d4 Bg7 5. Bd3 O-O 6. O-O c5 7. c3 b6 8. Nbd2
Ba6 9. Bxa6 Nxa6 10. Qe2 Nc7 11. b3 Rc8 12. Bb2 Ne6 13. Ne5 Qd6 14. a4 Nd7 15.
a5 Rfd8 16. axb6 axb6 17. Ra7 Ra8 18. Rfa1 Rxa7 19. Rxa7 Nc7 20. c4 b5 21. Nxd7
Qxd7 22. cxd5 cxd4 23. Nf3 Qd6 24. Bxd4 Bxd4 25. exd4 Nxd5 26. g3 Rc8 27. Qxb5
Qe6 28. Ne5 Rc1+ 29. Kf2 Qf5 30. Qd3 Qh3 31. Nf3 Nf6 0-1

[Event "1MCRE_F"]
[Site "?"]
[Date "2001.??.??"]
[Round "?"]
[White "Sykora, Josef"]
[Black "Bultman, Milan"]
[Result "1-0"]
[WhiteElo "2370"]
[BlackElo "2295"]
[PlyCount "43"]
[EventDate "2001.??.??"]
[EventType "corr"]

1. Nf3 Nf6 2. g3 d5 3. Bg2 c6 4. O-O Bf5 5. d3 Nbd7 6. Nbd2 e5 7. b3 Bd6 8. Bb2
O-O 9. e4 Bg6 10. c4 Re8 11. Qc2 h6 12. Rac1 d4 13. Nh4 Bh7 14. Bh3 Bc7 15. Ng2
Bb6 16. b4 a5 17. c5 Ba7 18. a3 axb4 19. axb4 b6 20. cxb6 Qxb6 21. Nc4 Qb8 22.
Ba3 1-0

[Event "1MCRE_F"]
[Site "?"]
[Date "2001.??.??"]
[Round "?"]
[White "Makovsky, Petr"]
[Black "Sykora, Josef"]
[Result "0-1"]
[WhiteElo "2295"]
[BlackElo "2370"]
[PlyCount "112"]
[EventDate "2001.??.??"]
[EventType "corr"]

1. e4 c6 2. d4 d5 3. Nc3 dxe4 4. Nxe4 Nd7 5. Bc4 Ngf6 6. Ng5 e6 7. Qe2 Nb6 8.
Bb3 h6 9. N5f3 c5 10. Bf4 Nbd5 11. Be5 Qa5+ 12. Nd2 b5 13. dxc5 Bxc5 14. c3 Bb7
15. Ngf3 Qb6 16. O-O O-O 17. Rad1 Rad8 18. c4 bxc4 19. Nxc4 Qa6 20. Ne1 Be7 21.
Nd3 Rc8 22. Rc1 Rfd8 23. Rfd1 Nb6 24. Ne3 Qb5 25. Rxc8 Rxc8 26. Bd4 Rd8 27. Nc1
Qg5 28. g3 Nh5 29. h4 Qg6 30. Bc2 Nxg3 31. fxg3 Qxg3+ 32. Ng2 Bf3 33. Rd3 Bxe2
34. Rxg3 Rxd4 35. Nxe2 Rd2 36. Bd3 Rd1+ 37. Kh2 Bd6 38. Ngf4 Nd5 39. Nxd5 Bxg3+
40. Nxg3 Rxd3 41. Ne7+ Kf8 42. Nc6 Rd2+ 43. Kh3 Rxb2 44. a4 Ra2 45. a5 f5 46.
Nh5 g5 47. hxg5 hxg5 48. Kg3 e5 49. Nxe5 Rxa5 50. Nf6 Ra3+ 51. Kg2 Ke7 52. Nh7
Ke6 53. Nc6 g4 54. Ng5+ Kf6 55. Nh7+ Kg7 56. Ng5 Re3 0-1

[Event "1MCRE_F"]
[Site "?"]
[Date "2001.??.??"]
[Round "?"]
[White "Sykora, Josef"]
[Black "Bures, Jilji"]
[Result "1-0"]
[WhiteElo "2370"]
[BlackElo "2285"]
[PlyCount "111"]
[EventDate "2001.??.??"]
[EventType "corr"]

1. Nf3 d5 2. g3 Nf6 3. Bg2 c6 4. O-O Bg4 5. d3 Nbd7 6. Nbd2 e5 7. h3 Bh5 8. e4
Bd6 9. Qe2 O-O 10. Rd1 Re8 11. c4 d4 12. Nf1 Nc5 13. g4 Bg6 14. Nh4 Ne6 15. Nh2
Nd7 16. N2f3 a5 17. Qc2 Ndc5 18. b3 b5 19. Nf5 b4 20. a4 bxa3 21. Rxa3 Bxf5 22.
exf5 Nc7 23. Bd2 Nxd3 24. Rxa5 Rxa5 25. Bxa5 Nb4 26. Qd2 Qb8 27. Ng5 f6 28. Ne4
Nca6 29. f4 c5 30. Re1 Be7 31. fxe5 Qxe5 32. Qd1 Kh8 33. Nf2 Qb8 34. Qe2 Nc7
35. Qf3 Nc2 36. Re4 Qa7 37. Bd2 Kg8 38. h4 Qa1+ 39. Bf1 Nb4 40. g5 Qa8 41. Bf4
Nba6 42. g6 Bf8 43. gxh7+ Kxh7 44. b4 cxb4 45. c5 Rxe4 46. Nxe4 Nxc5 47. Qh5+
Kg8 48. Bc4+ Nd5 49. Nxc5 Bxc5 50. Kg2 Qc6 51. Qf3 Kh7 52. Bxd5 Qe8 53. Bc4 Kh8
54. Qd5 Qf8 55. Qe6 d3 56. Bxd3 1-0

[Event "1MCRE_F"]
[Site "?"]
[Date "2001.??.??"]
[Round "?"]
[White "Priesol, Daniel"]
[Black "Sykora, Josef"]
[Result "0-1"]
[WhiteElo "2285"]
[BlackElo "2370"]
[PlyCount "88"]
[EventDate "2001.??.??"]
[EventType "corr"]

1. e4 c6 2. d4 d5 3. Nc3 dxe4 4. Nxe4 Nd7 5. Ng5 Ngf6 6. Bd3 e6 7. N1f3 Bd6 8.
Qe2 h6 9. Ne4 Nxe4 10. Qxe4 Qc7 11. Qg4 Kf8 12. O-O c5 13. dxc5 Nxc5 14. Be3 b6
15. Rfd1 h5 16. Qh4 Be7 17. Qf4 Qxf4 18. Bxf4 Nxd3 19. Rxd3 Bb7 20. Rad1 Be4
21. R3d2 Bxf3 22. gxf3 Ke8 23. Kf1 h4 24. Be5 f6 25. Bc3 Rd8 26. Rxd8+ Bxd8 27.
Bb4 Bc7 28. h3 g5 29. Ke2 Rh7 30. c4 Rd7 31. Rxd7 Kxd7 32. Bd2 e5 33. Kd3 Bd8
34. b4 Ke6 35. a4 Be7 36. a5 bxa5 37. bxa5 a6 38. Be3 Bd8 39. Bd2 f5 40. Ke2
Be7 41. Be3 Kd7 42. Bd2 Kc6 43. Bc1 Bd8 44. Be3 Kd6 0-1

[Event "1MCRE_F"]
[Site "?"]
[Date "2001.??.??"]
[Round "?"]
[White "Sykora, Josef"]
[Black "Macka, Miroslav"]
[Result "1/2-1/2"]
[WhiteElo "2370"]
[BlackElo "2270"]
[PlyCount "52"]
[EventDate "2001.??.??"]
[EventType "corr"]

1. Nf3 g6 2. g3 Nf6 3. Bg2 Bg7 4. O-O O-O 5. d4 d6 6. c4 Nc6 7. Nc3 a6 8. h3 e5
9. Be3 exd4 10. Nxd4 Nxd4 11. Bxd4 Re8 12. Qd2 Rb8 13. e3 Be6 14. Nd5 c5 15.
Bxf6 Bxf6 16. Nxf6+ Qxf6 17. b3 Red8 18. Qa5 b5 19. Qxa6 bxc4 20. bxc4 Rb2 21.
Rac1 Bf5 22. e4 Be6 23. a3 Kg7 24. Rcd1 Qc3 25. Rc1 Qf6 26. Rcd1 Qc3 1/2-1/2

[Event "1MCRE_F"]
[Site "?"]
[Date "2001.??.??"]
[Round "?"]
[White "Doudera, Lubomir"]
[Black "Sykora, Josef"]
[Result "1/2-1/2"]
[WhiteElo "2260"]
[BlackElo "2370"]
[PlyCount "78"]
[EventDate "2001.??.??"]
[EventType "corr"]

1. e4 c6 2. d4 d5 3. Nc3 dxe4 4. Nxe4 Nd7 5. Ng5 Ngf6 6. Bd3 e6 7. N1f3 Bd6 8.
Qe2 h6 9. Ne4 Nxe4 10. Qxe4 Qc7 11. Qg4 Kf8 12. O-O b6 13. Bd2 Bb7 14. Rfe1 Nf6
15. Qh4 c5 16. Ne5 Rd8 17. Rad1 Kg8 18. Bc3 Nd5 19. dxc5 bxc5 20. Qc4 h5 21. f4
h4 22. Be4 h3 23. g3 Nxc3 24. Qxc3 Bxe4 25. Rxe4 Bxe5 26. Rxd8+ Qxd8 27. Rxe5
Qd1+ 28. Kf2 Rh6 29. Re2 Rg6 30. b3 Qh1 31. Qe1 Qg2+ 32. Ke3 Qa8 33. Qd1 c4 34.
Rd2 Qb7 35. Rd8+ Kh7 36. bxc4 Qb6+ 37. Rd4 Qa5 38. Kf2 a6 39. Qd3 f5 1/2-1/2

[Event "1MCRE_F"]
[Site "?"]
[Date "2001.??.??"]
[Round "?"]
[White "Sykora, Josef"]
[Black "Pytlik, Lesek"]
[Result "1/2-1/2"]
[WhiteElo "2370"]
[BlackElo "2260"]
[PlyCount "133"]
[EventDate "2001.??.??"]
[EventType "corr"]

1. Nf3 d5 2. g3 g6 3. Bg2 Bg7 4. d4 Nf6 5. O-O O-O 6. c4 dxc4 7. Na3 Nc6 8.
Nxc4 Be6 9. b3 Bd5 10. Bb2 Qc8 11. Nce5 Rd8 12. Qc2 Ne4 13. Nxc6 Bxc6 14. Rac1
Qf5 15. e3 Nd6 16. Qxf5 Nxf5 17. Rc5 a6 18. Rfc1 e6 19. R5c2 Nd6 20. a4 Ne8 21.
Ne1 Bd5 22. Bxd5 exd5 23. Ba3 c6 24. Nd3 a5 25. Bc5 Nd6 26. Bxd6 Rxd6 27. h4 f5
28. Nc5 Ra7 29. Kg2 Kf7 30. Rb1 Bf8 31. Kf3 Be7 32. b4 axb4 33. a5 Rd8 34. Rxb4
Rb8 35. Rb1 Ke8 36. Nd3 Bd6 37. Rcb2 Kd7 38. h5 g5 39. g4 fxg4+ 40. Kxg4 h6 41.
f4 gxf4 42. exf4 Kc7 43. Ra1 Rba8 44. Rba2 Re8 45. Ne5 Rg8+ 46. Kf3 Bxe5 47.
dxe5 Kd7 48. a6 Ke6 49. Rb1 b5 50. Rc1 Kd7 51. f5 b4 52. Re1 b3 53. Ra3 b2 54.
Rb1 Rg5 55. Kf4 Rg2 56. Rb3 Rf2+ 57. Kg3 Rxf5 58. Rb7+ Rxb7 59. axb7 Kc7 60.
Rxb2 Kb8 61. Re2 Kxb7 62. e6 Rf8 63. Kg4 d4 64. e7 Re8 65. Kf5 d3 66. Rb2+ Ka6
67. Ke6 1/2-1/2

[Event "1MCRE_F"]
[Site "?"]
[Date "2001.??.??"]
[Round "?"]
[White "Gubas, Jan"]
[Black "Sykora, Josef"]
[Result "1-0"]
[WhiteElo "2250"]
[BlackElo "2370"]
[PlyCount "119"]
[EventDate "2001.??.??"]
[EventType "corr"]

1. e4 c6 2. d4 d5 3. Nc3 dxe4 4. Nxe4 Nd7 5. Bc4 Ngf6 6. Ng5 e6 7. Qe2 Nb6 8.
Bb3 h6 9. N5f3 c5 10. Be3 Qc7 11. Ne5 a6 12. Ngf3 Nbd5 13. O-O Bd6 14. Nc4 Be7
15. dxc5 Bxc5 16. Bxc5 Qxc5 17. a4 O-O 18. Rfd1 b6 19. Qe5 Bb7 20. Nd6 Bc6 21.
Nd4 Bd7 22. Bxd5 exd5 23. h3 Bc8 24. Rd3 Rd8 25. N6f5 Bxf5 26. Nxf5 d4 27. Qf4
Nh5 28. Qf3 g6 29. Nxd4 Re8 30. Rad1 Rad8 31. b3 Rd6 32. Re3 Rxe3 33. Qxe3 Ng7
34. Rd3 Kh7 35. c3 Rf6 36. Qd2 Ne6 37. Nxe6 Rxe6 38. c4 Qe5 39. Rd5 Qa1+ 40.
Kh2 Qf6 41. Qd4 Kg7 42. Kg3 Qxd4 43. Rxd4 f5 44. Rd7+ Kf6 45. Ra7 a5 46. c5 g5
47. Ra6 bxc5 48. Rxa5 Rc6 49. Rb5 c4 50. bxc4 Rxc4 51. Rb6+ Kf7 52. a5 h5 53.
Kf3 g4+ 54. hxg4 fxg4+ 55. Kg3 Rc3+ 56. Kh4 Rc2 57. Rb4 Ra2 58. Kxh5 g3 59.
Rf4+ Ke6 60. fxg3 1-0

[Event "1MCRE_F"]
[Site "?"]
[Date "2001.??.??"]
[Round "?"]
[White "Sykora, Josef"]
[Black "Lounek, Jan"]
[Result "1/2-1/2"]
[WhiteElo "2370"]
[BlackElo "2245"]
[PlyCount "100"]
[EventDate "2001.??.??"]
[EventType "corr"]

1. Nf3 Nf6 2. g3 d5 3. Bg2 c6 4. O-O Bg4 5. d3 Nbd7 6. Nbd2 e5 7. h3 Bh5 8. e4
Bd6 9. Qe2 O-O 10. Rd1 h6 11. Nf1 Bc5 12. c3 Re8 13. Qc2 Qe7 14. Re1 Bg6 15.
Nh4 Bh7 16. Ne3 Qe6 17. Nef5 Kh8 18. g4 g5 19. Nf3 Bxf5 20. exf5 Qd6 21. Be3
Bxe3 22. Rxe3 Re7 23. Rae1 Rae8 24. Nd2 Kg7 25. R3e2 a5 26. a3 b6 27. Nf1 b5
28. Qd2 a4 29. h4 Nh7 30. hxg5 Nxg5 31. Qe3 e4 32. dxe4 Nxe4 33. Qd4+ Nef6 34.
Rxe7 Rxe7 35. Rxe7 Qxe7 36. Ne3 Qd6 37. Bf1 Nc5 38. Qb4 h5 39. Bg2 hxg4 40.
Nxg4 Nxg4 41. Qxg4+ Kf6 42. Kf1 Nb3 43. Qh4+ Kxf5 44. Bh3+ Kg6 45. Qg4+ Kf6 46.
Qh4+ Kg7 47. Qg4+ Qg6 48. Qf4 Qf6 49. Bf5 Qd8 50. Qe5+ Qf6 1/2-1/2

[Event "1MCRE_F"]
[Site "?"]
[Date "2001.??.??"]
[Round "?"]
[White "Geryk, Miroslav"]
[Black "Sykora, Josef"]
[Result "1/2-1/2"]
[WhiteElo "2225"]
[BlackElo "2370"]
[PlyCount "105"]
[EventDate "2001.??.??"]
[EventType "corr"]

1. e4 c6 2. d4 d5 3. e5 Bf5 4. Nc3 e6 5. g4 Bg6 6. Nge2 c5 7. Be3 Nc6 8. dxc5
Nxe5 9. Nf4 Ne7 10. Qe2 N7c6 11. O-O-O Qa5 12. Nxg6 hxg6 13. f4 Nc4 14. Nxd5
Nxe3 15. Nxe3 Qxa2 16. Qb5 Qa1+ 17. Kd2 O-O-O+ 18. Bd3 Qa5+ 19. Qxa5 Nxa5 20.
b4 Nc6 21. Kc3 a5 22. bxa5 Bxc5 23. Nc4 Bb4+ 24. Kb2 Bxa5 25. Nxa5 Nxa5 26.
Rdg1 Rdg8 27. h4 Kc7 28. h5 gxh5 29. gxh5 Nc6 30. Rg5 Ne7 31. Rhg1 Rf8 32. c4
g6 33. hxg6 fxg6 34. Re1 Rf6 35. Rge5 Rh3 36. Rxe6 Rxe6 37. Rxe6 Kd7 38. Be2
Rh4 39. Re4 g5 40. Bf3 gxf4 41. c5 Rh2+ 42. Kb3 Rh3 43. Rxf4 Ng6 44. Rf7+ Ke6
45. Rxb7 Rxf3+ 46. Kb4 Ne5 47. Rb6+ Kd7 48. Kb5 Rb3+ 49. Ka5 Rc3 50. Kb4 Rc1
51. Rd6+ Kc7 52. Rd5 Nc6+ 53. Kb3 1/2-1/2

[Event "1MCRE_F"]
[Site "?"]
[Date "2001.??.??"]
[Round "?"]
[White "Sykora, Josef"]
[Black "Ryska, Jiri"]
[Result "1-0"]
[WhiteElo "2370"]
[BlackElo "2210"]
[PlyCount "99"]
[EventDate "2001.??.??"]
[EventType "corr"]

1. Nf3 d5 2. g3 Nf6 3. Bg2 Bf5 4. O-O Nc6 5. d4 e6 6. c4 dxc4 7. Qa4 Qd7 8.
Qxc4 Be4 9. Nc3 Na5 10. Ne5 Nxc4 11. Nxd7 Bxg2 12. Nxf6+ gxf6 13. Kxg2 O-O-O
14. b3 Bb4 15. Nb5 Nd6 16. Nxd6+ Rxd6 17. Bb2 Rhd8 18. e3 f5 19. Rfc1 c6 20.
Rc4 Ba5 21. a4 Kd7 22. b4 Bc7 23. Rac1 a6 24. b5 axb5 25. axb5 Ra8 26. R4c3 Bd8
27. Ba3 Rd5 28. bxc6+ bxc6 29. Bc5 e5 30. dxe5 Rxe5 31. Rd3+ Rd5 32. Rxd5+ cxd5
33. Bd4 Ra6 34. Rc5 Kd6 35. Rc8 Kd7 36. Rb8 h6 37. Kf3 Ra2 38. h4 Ra6 39. h5
Rc6 40. Ra8 Be7 41. Bg7 Bd8 42. Ra7+ Ke8 43. Ra1 Bg5 44. Ra5 f6 45. Ke2 Rc2+
46. Ke1 Rc1+ 47. Kd2 Rg1 48. Rxd5 f4 49. gxf4 Bxf4 50. Bxf6 1-0

[Event "1MCRE_F"]
[Site "?"]
[Date "2001.??.??"]
[Round "?"]
[White "Priesol, Daniel"]
[Black "Makovsky, Petr"]
[Result "1/2-1/2"]
[WhiteElo "2285"]
[BlackElo "2295"]
[PlyCount "65"]
[EventDate "2001.??.??"]
[EventType "corr"]

1. e4 e5 2. Nf3 Nc6 3. d4 exd4 4. Nxd4 Nf6 5. Nxc6 bxc6 6. e5 Qe7 7. Qe2 Nd5 8.
c4 Ba6 9. g3 g6 10. b3 Bg7 11. Bb2 O-O 12. Bg2 Rae8 13. O-O Nb6 14. Re1 f6 15.
e6 Qd6 16. Qd2 Rxe6 17. Rxe6 Qxe6 18. Na3 Bb7 19. Re1 Qf7 20. Qa5 a6 21. c5 Nd5
22. Bxd5 cxd5 23. Qxc7 Bc6 24. Nc2 Re8 25. Qa5 Rxe1+ 26. Qxe1 Bf8 27. b4 d4 28.
Nxd4 Qxa2 29. Nxc6 Qxb2 30. Nb8 Bxc5 31. Qe8+ Bf8 32. Nxd7 Qc1+ 33. Kg2 1/2-1/2

[Event "1MCRE_F"]
[Site "?"]
[Date "2001.??.??"]
[Round "?"]
[White "Makovsky, Petr"]
[Black "Ryska, Jiri"]
[Result "1/2-1/2"]
[WhiteElo "2295"]
[BlackElo "2210"]
[PlyCount "47"]
[EventDate "2001.??.??"]
[EventType "corr"]

1. e4 d5 2. exd5 Nf6 3. d4 Nxd5 4. Nf3 Bg4 5. Be2 e6 6. O-O Be7 7. h3 Bf5 8. c4
Nb4 9. Na3 c5 10. Bf4 N8c6 11. Nb5 O-O 12. d5 exd5 13. a3 Nc2 14. Rc1 N2d4 15.
Nfxd4 Nxd4 16. Nxd4 cxd4 17. Qxd4 dxc4 18. Qxc4 Qb6 19. Qc7 Bf6 20. Qxb6 axb6
21. Rc7 Bxb2 22. Rxb7 Bxa3 23. Rxb6 Rfe8 24. Bf3 1/2-1/2

[Event "1MCRE_F"]
[Site "?"]
[Date "2001.??.??"]
[Round "?"]
[White "Gubas, Jan"]
[Black "Makovsky, Petr"]
[Result "1/2-1/2"]
[WhiteElo "2250"]
[BlackElo "2295"]
[PlyCount "98"]
[EventDate "2001.??.??"]
[EventType "corr"]

1. e4 e5 2. Nf3 Nc6 3. Bb5 a6 4. Ba4 Nf6 5. O-O Be7 6. Re1 b5 7. Bb3 O-O 8. c3
d6 9. h3 Na5 10. Bc2 c5 11. d3 Bb7 12. Nbd2 Re8 13. Nf1 Bf8 14. Bg5 h6 15. Bh4
g6 16. Ne3 Bg7 17. Qd2 Nc6 18. Bb3 g5 19. Bg3 Ne7 20. Qe2 Qb6 21. Nd2 d5 22.
Bxe5 Nxe4 23. dxe4 Bxe5 24. Bxd5 Nxd5 25. exd5 Rad8 26. Qf3 Kf8 27. Rad1 c4 28.
Ndf1 Qf6 29. Qxf6 Bxf6 30. d6 Be4 31. Ng4 Bg7 32. Ng3 Bd3 33. Rxe8+ Kxe8 34. f3
Kf8 35. Nf2 Rxd6 36. Nxd3 cxd3 37. Ne4 Rd5 38. Kf1 b4 39. cxb4 Bxb2 40. Nc5 Rd4
41. Nxa6 Ke7 42. Nc5 d2 43. Ke2 Ba3 44. Nd3 Bxb4 45. Nxb4 Rxb4 46. Rxd2 Ra4 47.
Kd3 Kd6 48. Rc2 f5 49. Kc3 Ra8 1/2-1/2

[Event "1MCRE_F"]
[Site "?"]
[Date "2001.??.??"]
[Round "?"]
[White "Alexa, Jaroslav"]
[Black "Gubas, Jan"]
[Result "1/2-1/2"]
[WhiteElo "2380"]
[BlackElo "2250"]
[PlyCount "38"]
[EventDate "2001.??.??"]
[EventType "corr"]

1. d4 d5 2. c4 c6 3. Nf3 Nf6 4. Nc3 e6 5. Bg5 h6 6. Bh4 dxc4 7. e4 Be7 8. e5
Nd5 9. Bxe7 Qxe7 10. Bxc4 Nxc3 11. bxc3 c5 12. O-O O-O 13. Qd3 Bd7 14. Bb3 Bc6
15. Bc2 g6 16. Rfd1 Nd7 17. Qe3 Kg7 18. Nd2 cxd4 19. cxd4 Nb6 1/2-1/2

[Event "1MCRE_F"]
[Site "?"]
[Date "2001.??.??"]
[Round "?"]
[White "Gubas, Jan"]
[Black "Ryska, Jiri"]
[Result "1-0"]
[WhiteElo "2250"]
[BlackElo "2210"]
[PlyCount "63"]
[EventDate "2001.??.??"]
[EventType "corr"]

1. e4 d5 2. exd5 Nf6 3. Bb5+ Bd7 4. Bc4 Bg4 5. f3 Bf5 6. g4 Bg6 7. Nc3 c6 8.
dxc6 Nxc6 9. d3 e5 10. Be3 Bb4 11. Nge2 Nd5 12. Bxd5 Qxd5 13. O-O Qd7 14. a3
Be7 15. d4 exd4 16. Nxd4 O-O-O 17. Nxc6 Qxc6 18. Qe2 Rhe8 19. Qf2 a6 20. Ne2 h5
21. Nd4 Qd7 22. g5 f6 23. gxf6 Bxf6 24. c3 Bf7 25. Rfe1 g5 26. Nc2 Qd1 27.
Rexd1 Rxd1+ 28. Rxd1 Bb3 29. Ba7 Re5 30. Qb6 Bxc2 31. Bb8 Kxb8 32. Rd7 1-0

[Event "1MCRE_F"]
[Site "?"]
[Date "2001.??.??"]
[Round "?"]
[White "Lounek, Jan"]
[Black "Pfeifer, Miroslav"]
[Result "0-1"]
[WhiteElo "2245"]
[BlackElo "2310"]
[PlyCount "60"]
[EventDate "2001.??.??"]
[EventType "corr"]

1. e4 e5 2. Nf3 Nc6 3. Bb5 f5 4. Nc3 fxe4 5. Nxe4 Nf6 6. Qe2 d5 7. Ng3 Bd6 8.
Nxe5 O-O 9. Nxc6 bxc6 10. Bxc6 Rb8 11. O-O Rb6 12. Ba4 Ng4 13. Bb3 Kh8 14. d4
Nxh2 15. Kxh2 Ba6 16. c4 Qh4+ 17. Kg1 dxc4 18. Bxc4 Bxg3 19. fxg3 Rxf1+ 20.
Kxf1 Qh1+ 21. Kf2 Bxc4 22. Qxc4 Rf6+ 23. Ke3 Qxg2 24. Kd3 Qf1+ 25. Kc3 Qf3+ 26.
Kd2 Qxg3 27. Kd1 Qg4+ 28. Kc2 Qg2+ 29. Kd3 Qg6+ 30. Ke2 Re6+ 0-1

[Event "1MCRE_F"]
[Site "?"]
[Date "2001.??.??"]
[Round "?"]
[White "Priesol, Daniel"]
[Black "Lounek, Jan"]
[Result "1/2-1/2"]
[WhiteElo "2285"]
[BlackElo "2245"]
[PlyCount "50"]
[EventDate "2001.??.??"]
[EventType "corr"]

1. e4 e5 2. Nf3 Nc6 3. d4 exd4 4. Nxd4 Nf6 5. Nxc6 bxc6 6. e5 Qe7 7. Qe2 Nd5 8.
c4 Nb6 9. Nc3 Qe6 10. Qe4 Ba6 11. b3 Bb4 12. Bd2 Bxc3 13. Bxc3 d5 14. Qh4 dxc4
15. Be2 O-O 16. O-O Rfe8 17. Rac1 Rab8 18. Rfd1 c5 19. Ba1 Qe7 20. Qf4 Rbd8 21.
bxc4 Rxd1+ 22. Rxd1 Qe6 23. Rc1 Nd7 24. Rd1 Nb6 25. Rc1 Nd7 1/2-1/2

[Event "1MCRE_F"]
[Site "?"]
[Date "2001.??.??"]
[Round "?"]
[White "Nemec, Jaroslav"]
[Black "Makovsky, Petr"]
[Result "1/2-1/2"]
[WhiteElo "2340"]
[BlackElo "2295"]
[PlyCount "65"]
[EventDate "2001.??.??"]
[EventType "corr"]

1. e4 e5 2. Nf3 Nc6 3. Bb5 a6 4. Ba4 Nf6 5. O-O Be7 6. Re1 b5 7. Bb3 O-O 8. a4
Bb7 9. d3 d6 10. Nbd2 Na5 11. Ba2 c5 12. Nf1 b4 13. Ne3 Bc8 14. Nd2 Ra7 15. Qf3
Nc6 16. c3 bxc3 17. bxc3 Rb7 18. Ndc4 Na5 19. Nf5 Bxf5 20. Qxf5 Nxc4 21. Bxc4
Qa5 22. Rd1 Qxc3 23. Bd2 Qc2 24. Bxa6 Rb2 25. Bc4 Rfb8 26. h3 Rb1 27. Rdxb1
Rxb1+ 28. Rxb1 Qxb1+ 29. Kh2 Qc2 30. Bg5 Qxa4 31. Bxf6 gxf6 32. Qg4+ Kh8 33.
Bxf7 1/2-1/2

[Event "1MCRE_F"]
[Site "?"]
[Date "2001.??.??"]
[Round "?"]
[White "Macka, Miroslav"]
[Black "Gubas, Jan"]
[Result "1/2-1/2"]
[WhiteElo "2270"]
[BlackElo "2250"]
[PlyCount "46"]
[EventDate "2001.??.??"]
[EventType "corr"]

1. e4 e6 2. d4 d5 3. Nc3 Bb4 4. e5 c5 5. a3 Bxc3+ 6. bxc3 Ne7 7. Qg4 O-O 8. Bd3
f5 9. exf6 Rxf6 10. Bg5 Rf7 11. Qh5 g6 12. Qd1 c4 13. Be2 Nbc6 14. Nf3 Qf8 15.
Qd2 Nf5 16. h4 h6 17. Bf4 Bd7 18. Rh3 b5 19. g4 Nfxd4 20. Bxh6 Nxf3+ 21. Rxf3
Qd6 22. Rxf7 Kxf7 23. Bf4 e5 1/2-1/2

[Event "1MCRE_F"]
[Site "?"]
[Date "2001.??.??"]
[Round "?"]
[White "Makovsky, Petr"]
[Black "Lounek, Jan"]
[Result "1-0"]
[WhiteElo "2295"]
[BlackElo "2245"]
[PlyCount "79"]
[EventDate "2001.??.??"]
[EventType "corr"]

1. e4 e5 2. Nf3 Nc6 3. Bc4 Nf6 4. Ng5 d5 5. exd5 Na5 6. Bb5+ c6 7. dxc6 bxc6 8.
Be2 h6 9. Nf3 e4 10. Ne5 Bd6 11. f4 exf3 12. Nxf3 O-O 13. O-O c5 14. d4 cxd4
15. Qxd4 Qe7 16. Qd2 Nc6 17. Kh1 Bb7 18. Nc3 Rad8 19. Qe3 Qd7 20. Bb5 a6 21.
Ba4 Qc7 22. Qe2 Ne5 23. Nd4 Neg4 24. h3 Be5 25. Nf5 Bxc3 26. hxg4 Be5 27. c3
Be4 28. g5 Bd3 29. Qf3 hxg5 30. Bxg5 Bxf1 31. Rxf1 Rb8 32. Bb3 Rb6 33. Qh3 Rd8
34. Qh4 Rd7 35. Be3 Re6 36. Rf3 g6 37. Nh6+ Kg7 38. Kg1 Red6 39. Nxf7 Rxf7 40.
Qh6+ 1-0

[Event "1MCRE_F"]
[Site "?"]
[Date "2001.??.??"]
[Round "?"]
[White "Pfeifer, Miroslav"]
[Black "Alexa, Jaroslav"]
[Result "1/2-1/2"]
[WhiteElo "2310"]
[BlackElo "2380"]
[PlyCount "46"]
[EventDate "2001.??.??"]
[EventType "corr"]

1. e4 c5 2. f4 e6 3. Nf3 d5 4. exd5 exd5 5. Bb5+ Bd7 6. Qe2+ Be7 7. O-O Nf6 8.
Re1 a6 9. Bxd7+ Qxd7 10. Nc3 Nc6 11. Ne5 Nd4 12. Nxd7 Nxe2+ 13. Rxe2 Kxd7 14.
d3 Bd6 15. Bd2 Rhe8 16. Rae1 b5 17. Rxe8 Rxe8 18. Rxe8 Kxe8 19. Kf2 b4 20. Nd1
Ng4+ 21. Kg3 f5 22. h3 Nf6 23. Kf3 Kd7 1/2-1/2

[Event "1MCRE_F"]
[Site "?"]
[Date "2001.??.??"]
[Round "?"]
[White "Alexa, Jaroslav"]
[Black "Geryk, Miroslav"]
[Result "1/2-1/2"]
[WhiteElo "2380"]
[BlackElo "2225"]
[PlyCount "39"]
[EventDate "2001.??.??"]
[EventType "corr"]

1. d4 Nf6 2. c4 e6 3. Nf3 d5 4. Nc3 Be7 5. Bg5 h6 6. Bh4 Nbd7 7. e3 Ne4 8. Bxe7
Qxe7 9. cxd5 Nxc3 10. bxc3 exd5 11. c4 Nf6 12. cxd5 Nxd5 13. Bc4 Be6 14. Qb3 c6
15. O-O b5 16. Be2 Nf4 17. Qb2 Nxe2+ 18. Qxe2 Bc4 19. Qc2 c5 20. Rfe1 1/2-1/2

[Event "1MCRE_F"]
[Site "?"]
[Date "2001.??.??"]
[Round "?"]
[White "Geryk, Miroslav"]
[Black "Makovsky, Petr"]
[Result "1/2-1/2"]
[WhiteElo "2225"]
[BlackElo "2295"]
[PlyCount "60"]
[EventDate "2001.??.??"]
[EventType "corr"]

1. e4 e5 2. Nf3 Nc6 3. d4 exd4 4. Nxd4 Nf6 5. Nxc6 bxc6 6. e5 Qe7 7. Qe2 Nd5 8.
c4 Ba6 9. b3 g6 10. f4 f6 11. Ba3 Qf7 12. Qd2 Nb6 13. c5 Bxf1 14. cxb6 Ba6 15.
bxc7 fxe5 16. Qa5 Qxf4 17. Qxa6 Qh4+ 18. Kd1 Qd4+ 19. Kc2 Qe4+ 20. Qd3 Qxg2+
21. Nd2 Bxa3 22. Rhe1 O-O 23. b4 Rf2 24. Rad1 Bxb4 25. Qxd7 Qd5 26. c8=Q+ Rxc8
27. Qxc8+ Rf8 28. Qa6 Rf2 29. Re2 Rxe2 30. Qxe2 Qxa2+ 1/2-1/2

[Event "1MCRE_F"]
[Site "?"]
[Date "2001.??.??"]
[Round "?"]
[White "Gubas, Jan"]
[Black "Zpevakova, Katerina"]
[Result "1/2-1/2"]
[WhiteElo "2250"]
[BlackElo "2325"]
[PlyCount "59"]
[EventDate "2001.??.??"]
[EventType "corr"]

1. e4 c5 2. Nf3 e6 3. Nc3 a6 4. d4 cxd4 5. Nxd4 Qc7 6. Bd3 Nc6 7. Be3 Nf6 8.
Qd2 Ng4 9. Bf4 e5 10. Nxc6 dxc6 11. Bg3 Be6 12. h3 Nf6 13. Qg5 Nd7 14. a3 f6
15. Qh5+ Bf7 16. Qe2 Bc5 17. Bc4 Nb6 18. Bb3 Bxb3 19. cxb3 O-O 20. O-O Rad8 21.
Rfd1 Bd4 22. Qc2 Na8 23. Ne2 Ba7 24. b4 Qe7 25. Qb3+ Qf7 26. Qxf7+ Kxf7 27. Kf1
Nc7 28. f3 Ne6 29. Bf2 Bxf2 30. Kxf2 1/2-1/2

[Event "1MCRE_F"]
[Site "?"]
[Date "2001.??.??"]
[Round "?"]
[White "Ryska, Jiri"]
[Black "Bures, Jilji"]
[Result "0-1"]
[WhiteElo "2210"]
[BlackElo "2285"]
[PlyCount "64"]
[EventDate "2001.??.??"]
[EventType "corr"]

1. e4 c5 2. Nf3 Nc6 3. d4 cxd4 4. Nxd4 Nf6 5. Nc3 e5 6. Ndb5 d6 7. Bg5 a6 8.
Bxf6 gxf6 9. Na3 b5 10. Nd5 Bg7 11. c4 f5 12. cxb5 Nd4 13. b6 O-O 14. Bd3 Bb7
15. Nc4 Rb8 16. g3 fxe4 17. Bxe4 f5 18. Bg2 e4 19. Nce3 Bxd5 20. Nxd5 Qe8 21.
O-O Qb5 22. Nf4 Rxb6 23. b4 Be5 24. a4 Qc4 25. Rc1 Qf7 26. Rb1 Rfb8 27. f3 e3
28. Re1 Rxb4 29. Rxb4 Rxb4 30. Rxe3 Qa2 31. Bf1 Qxa4 32. Qe1 Nc2 0-1